Statistiche per Corea del Nord... o Corea del Sud?

Clicka qui per fare il quiz!

Statistiche generali

  • Questo quiz è stato fatto 1.108 volte
  • Il punteggio medio è 13 su 17

Statistiche sulle risposte

DomandaRisposta% Corretto
E' una dittaturaCorea del Nord
98%
E' più vicino a VladivostokCorea del Nord
94%
Ha la popolazione più numerosaCorea del Sud
94%
La sua capitale inizia con la lettera SCorea del Sud
92%
Ha una stella nella propria bandieraCorea del Nord
89%
È considerato un paese ad alto redditoCorea del Sud
85%
Nel suo territorio è compresa anche l'isola di JejuCorea del Sud
84%
Ha ospitato le OlimpiadiCorea del Sud
83%
Circa il 25% della popolazione è CristianaCorea del Sud
82%
Ha armi nucleariCorea del Nord
79%
E' noto anche come il "Regno Eremita"Corea del Nord
78%
Confina con un solo altro PaeseCorea del Sud
78%
Il suo nome completo è "Repubblica Popolare Democratica di Corea"Corea del Nord
68%
Fu occupata dal Giappone dal 1910 al 1945Entrambe
66%
Ha la superficie più estesaCorea del Nord
57%
È noto per i "giochi di massa" a cui partecipano oltre 100.000 artisti ginnici e artisticiCorea del Nord
39%
Ha un bassissimo livello di diversità etnicaEntrambe
29%

Distribuzione punteggi

Percentile per numero di risposta

Percentuale di utenti per punteggio

I tuoi punteggi nel tempo

Non hai fatto questo quiz